000 00441nam a2200133 a 4500
001 000049149
005 20201002061706.0
008 190723s1977 dr a 000 spa d
040 _aDO-SdBNP
_bspa
_cBNPHU
082 _axxx
_bC215
245 0 _aCancionero litúrgico dominicano.
260 _aSantiago de los Caballeros, República Dominicana :
_bEdiciones del Obispado de Santiago de los Caballeros,
_c1977.
300 _a195 p. :
_bil ;
_c19 cm.
999 _c48637
_d48637